Romania : First and Second Reviews Under the Stand-By Arrangement and Requests for Waiver of Nonobservance of a Performance Criterion, Modification of Program conditionality, and Rephasing of the Availability Dates of Purchases.

This first and second reviews under the Stand-By-Arrangement analyzes Ex Post Evaluation of exceptional access for Romania. Efforts are needed to strengthen monetary policy transmission. The banking system remains well capitalized, but the authorities need to accelerate the resolution of nonperformi...

詳細記述

書誌詳細
団体著者: International Monetary Fund. European Dept
フォーマット: 雑誌
言語:English
出版事項: Washington, D.C. : International Monetary Fund, 2014.
シリーズ:IMF Staff Country Reports; Country Report ; No. 2014/087
オンライン・アクセス:Full text available on IMF
LEADER 01836cas a2200241 a 4500
001 AALejournalIMF014308
008 230101c9999 xx r poo 0 0eng d
020 |c 5.00 USD 
020 |z 9781475516005 
022 |a 1934-7685 
040 |a BD-DhAAL  |c BD-DhAAL 
110 2 |a International Monetary Fund.  |b European Dept. 
245 1 0 |a Romania :   |b First and Second Reviews Under the Stand-By Arrangement and Requests for Waiver of Nonobservance of a Performance Criterion, Modification of Program conditionality, and Rephasing of the Availability Dates of Purchases. 
264 1 |a Washington, D.C. :  |b International Monetary Fund,  |c 2014. 
300 |a 1 online resource (106 pages) 
490 1 |a IMF Staff Country Reports 
500 |a <strong>Off-Campus Access:</strong> No User ID or Password Required 
500 |a <strong>On-Campus Access:</strong> No User ID or Password Required 
506 |a Electronic access restricted to authorized BRAC University faculty, staff and students 
520 3 |a This first and second reviews under the Stand-By-Arrangement analyzes Ex Post Evaluation of exceptional access for Romania. Efforts are needed to strengthen monetary policy transmission. The banking system remains well capitalized, but the authorities need to accelerate the resolution of nonperforming loans and closely monitor risks from parent bank deleveraging. The Romanian authorities continue their efforts to reach the goals of a broad structural agenda, with a focus on structural reforms in the energy, transport and healthcare sectors, and continue the reform of the state-owned enterprises. 
538 |a Mode of access: Internet 
830 0 |a IMF Staff Country Reports; Country Report ;  |v No. 2014/087 
856 4 0 |z Full text available on IMF  |u http://elibrary.imf.org/view/journals/002/2014/087/002.2014.issue-087-en.xml  |z IMF e-Library